000 00561cam a2200181 4500500
005 20260329005713.0
041 _afre
042 _adc
100 1 0 _aLarmagnac-Matheron, Octave
_eauthor
245 0 0 _aNéandertal : la solidarité des origines
260 _c2024.
500 _a22
690 _aAltruisme
690 _aHandicap
690 _aNéandertal
786 0 _nPhilosophie magazine | 182 | 9 | 2024-09-01 | p. 11-11 | 1951-1787
856 4 1 _uhttps://shs.cairn.info/magazine-philosophie-magazine-2024-9-page-11?lang=fr&redirect-ssocas=7080
999 _c1845775
_d1845775